000 00382nam a22001457a 4500
005 20251015135030.0
008 251015b |||||||| |||| 00| 0 eng d
020 _a0706998499
050 _aSB112
_bMIC
100 _aMICHAEL AM
245 _aIRRIGATION;
_bTHEORY AND PRACTICE
260 _aNEW DELHI
_bVIKAS PUBLISHING HOUSE PVT LTD
_cc1978
300 _avi, 801p
942 _2lcc
_cBK
_n0
999 _c7800
_d7800